000 02082cam a22004934i 4500
003 PE-LiUPU
005 20250731184554.0
008 150625s r 000 0 d
020 _a9972752704
035 _a(Sirsi) i9789972752704
040 _aPE-LiUPU
_bspa
_cPE-LiUPU
_erda
082 0 4 _a909
_bS18
_221
110 2 _aSalvat Editores
245 1 3 _aEl impacto de la Revolución Francesa.
_n16 /
_cSalvat Editores.
264 1 _aLima :
_bSalvat Editores,
_c2005.
300 _a424 páginas :
_bil mapas, fotos, diagrs ;
_c22 cm.
336 _atext
_2rdacontent
337 _aunmediated
_2rdamedia
338 _avolume
_2rdacarrier
490 0 _aHistoria Universal ;
_v16
504 _aIncluye referencias bibliográficas al final de cada artículo.
505 0 _aLa crisis de la sociedad del Antiguo Régimen. -Franceses e ingleses en Norteamérica. Independencia de Estados Unidos. -La Revolución francesa. - Napppoleón. -Liquidación del período napoleónico. El congreso de Viena. -Lucha entre el absolutismo y las ideas constitucionales. -La Constitución de Estados Unidos. La doctrina de Monroe. -La independencia de México. -Emancipación de las colonias españolas en América del Sus. -La fiebre romántica.
526 _aP136
526 _aP135
526 _aP134
526 _aP133
526 _aP144
526 _aP143
526 _aP87
526 _aP35
526 _aP20
526 _aP14
526 _aP10
526 _aP06
651 _aFrancia
_xHistoria
_yRevolución, 1775-1783
651 _aDoctrina de Monroe
651 _aMexico
_xHistoria.
910 _baj
_ceq
_d20050829
942 _2ddc
_cBOOK
949 _a909 S18 16
_wDEWEY
_c1
_i55692
_lCCODEBUL1
_mBUL
_p6.00
_r0
_sY
_tBOOK
_u2015-06-25
_xBIBLIOTECA
_zUNKNOWN
_0COMPRA
_o.STAFF. Colección General
596 _a1
999 _a909 S18 16
_wDEWEY
_c44551
_i55692
_d44551
_e2016-11-25
_f2021-11-9
_g5
_lCCODEBUL1
_mBUL
_n2
_p6.00
_r0
_sY
_tBOOK
_u2015-6-25
_xEDUCACION
_zUNKNOWN
_0COMPRA
_o.STAFF. Colección General
980 _81
_gALBERTO SANCHEZ Responsable de Automatización